Developing the leader within you / (Record no. 3339)
[ view plain ]
| 000 -LEADER | |
|---|---|
| fixed length control field | 01770cam a2200337Ia 4500 |
| 001 - CONTROL NUMBER | |
| control field | 48878295 |
| 003 - CONTROL NUMBER IDENTIFIER | |
| control field | OCoLC |
| 005 - DATE AND TIME OF LATEST TRANSACTION | |
| control field | 20181218125420.0 |
| 008 - FIXED-LENGTH DATA ELEMENTS--GENERAL INFORMATION | |
| fixed length control field | 020128s1993 tnua b 000 0 eng d |
| 010 ## - LIBRARY OF CONGRESS CONTROL NUMBER | |
| Canceled/invalid LC control number | 93002789 |
| 020 ## - INTERNATIONAL STANDARD BOOK NUMBER | |
| International Standard Book Number | 0785266666 |
| 020 ## - INTERNATIONAL STANDARD BOOK NUMBER | |
| International Standard Book Number | 9780785266662 |
| 020 ## - INTERNATIONAL STANDARD BOOK NUMBER | |
| International Standard Book Number | 0840767447 |
| 020 ## - INTERNATIONAL STANDARD BOOK NUMBER | |
| International Standard Book Number | 9780840767448 |
| 020 ## - INTERNATIONAL STANDARD BOOK NUMBER | |
| International Standard Book Number | 0785270272 |
| 020 ## - INTERNATIONAL STANDARD BOOK NUMBER | |
| International Standard Book Number | 9780785270270 |
| 035 ## - SYSTEM CONTROL NUMBER | |
| System control number | (OCoLC)48878295 |
| Canceled/invalid control number | (OCoLC)32255217 |
| -- | (OCoLC)56545747 |
| 040 ## - CATALOGING SOURCE | |
| Original cataloging agency | IUL |
| Transcribing agency | IUL |
| Modifying agency | OMP |
| -- | BAKER |
| -- | BTCTA |
| -- | YDXCP |
| -- | OCLCG |
| -- | IHI |
| -- | TEX |
| -- | GGB |
| -- | PBE |
| -- | NZNSL |
| -- | TXJ |
| -- | FLR |
| -- | TTU |
| -- | SINIE |
| -- | FMF |
| -- | T7L |
| -- | MZN |
| 050 #4 - LIBRARY OF CONGRESS CALL NUMBER | |
| Classification number | BF637.L4 |
| Item number | M37 1993b |
| 082 ## - DEWEY DECIMAL CLASSIFICATION NUMBER | |
| Classification number | 658.4 |
| Item number | M465d |
| 090 ## - LOCALLY ASSIGNED LC-TYPE CALL NUMBER (OCLC); LOCAL CALL NUMBER (RLIN) | |
| Classification number (OCLC) (R) ; Classification number, CALL (RLIN) (NR) | HD57.7 |
| Local cutter number (OCLC) ; Book number/undivided call number, CALL (RLIN) | .M394 1993 |
| 100 1# - MAIN ENTRY--PERSONAL NAME | |
| Personal name | Maxwell, John C., |
| Dates associated with a name | 1947- |
| 245 10 - TITLE STATEMENT | |
| Title | Developing the leader within you / |
| Statement of responsibility, etc. | John C. Maxwell |
| 260 ## - PUBLICATION, DISTRIBUTION, ETC. | |
| Place of publication, distribution, etc. | Nashville : |
| Name of publisher, distributor, etc. | T. Nelson, |
| Date of publication, distribution, etc. | c1993 |
| 300 ## - PHYSICAL DESCRIPTION | |
| Extent | xii, 207 p. : |
| Other physical details | ill. ; |
| Dimensions | 24 cm |
| 504 ## - BIBLIOGRAPHY, ETC. NOTE | |
| Bibliography, etc. note | Includes bibliographical references (p. 203-207) |
| 505 0# - FORMATTED CONTENTS NOTE | |
| Formatted contents note | The definition of leadership : influence -- The key to leadership : priorities -- The most important ingredient of leadership : integrity -- The ultimate test of leadership : creating positive change -- The quickest way to gain leadership : problem solving -- The extra plus in leadership : attitude -- Developing your most appreciable asset : people -- The indispensable quality of leadership : vision -- The price tag of leadership : self-discipline -- The most important lesson of leadership : staff development |
| 520 ## - SUMMARY, ETC. | |
| Summary, etc. | Maxwell examines the differences between leadership styles, outlines principles for inspiring, motivating, and influencing others. These principles can be used in any organization to foster integrity and self-discipline and bring a positive change |
| 650 #0 - SUBJECT ADDED ENTRY--TOPICAL TERM | |
| Topical term or geographic name entry element | Leadership |
| 942 ## - ADDED ENTRY ELEMENTS (KOHA) | |
| Source of classification or shelving scheme | Dewey Decimal Classification |
| Koha item type | Books |
| Withdrawn status | Lost status | Source of classification or shelving scheme | Damaged status | Not for loan | Collection code | Home library | Current library | Shelving location | Date acquired | Cost, normal purchase price | Total Checkouts | Full call number | Barcode | Date last seen | Price effective from | Koha item type |
|---|---|---|---|---|---|---|---|---|---|---|---|---|---|---|---|---|
| Dewey Decimal Classification | Non-fiction | Harvest Mission College | Harvest Mission College | General Stacks | 08.11.2018 | 1000.00 | 658.4 M465D | 003859 | 08.11.2018 | 08.11.2018 | Books | |||||
| Dewey Decimal Classification | Non-fiction | Harvest Mission College | Harvest Mission College | 14.10.2019 | 658.4 M465d | 009480 | 14.10.2019 | 14.10.2019 | Books | |||||||
| Dewey Decimal Classification | Non-fiction | Harvest Mission College | Harvest Mission College | General Stacks | 20.01.2021 | 658.4 M465d | 010658 | 20.01.2021 | 20.01.2021 | Books | ||||||
| Dewey Decimal Classification | Harvest Mission College | Harvest Mission College | 19.03.2024 | 658.4 M465D | 013054 | 19.03.2024 | 19.03.2024 | Books |
